[Event "RUS-ch Higher League (Women) 68th"]
[Site "Yaroslavl"]
[Date "2018.07.05"]
[Round "9"]
[White "Dimitrova, Aleksandra"]
[Black "Ustich, Ekaterina"]
[Result "1-0"]
[WhiteElo "2220"]
[BlackElo "2028"]
[PlyCount "69"]
[EventDate "2018.06.26"]
[EventType "swiss"]
[EventRounds "9"]
[EventCountry "RUS"]
[SourceTitle "CBM 185 Extra"]
[Source "ChessBase"]
[SourceDate "2018.07.29"]
[SourceVersion "1"]
[SourceVersionDate "2018.07.29"]
[SourceQuality "1"]

1. e4 e5 2. Nf3 Nc6 3. Bb5 a6 4. Ba4 b5 5. Bb3 Na5 6. 0-0 Nxb3 7. axb3 d6 8. d4 exd4 9. Nxd4 Bd7 10. Qe2 c5 11. Nf3 Be7 12. Rd1 Bc6 13. Bf4 Qc7 14. Nc3 f6 15. e5 dxe5 16. Nxe5 fxe5 17. Bxe5 Qb7 18. Bxg7 Kf7 19. Bxh8 Bxg2 20. Qh5+ Kf8 21. Qf5+ Ke8 22. Nd5 Bxd5 23. Rxd5 Qc6 24. Re1 Nh6 25. Qxh7 Ra7 26. Qe4 Nf7 27. Be5 Qh6 28. Bg3 Kf8 29. Qe6 Qh7 30. Rf5 Kg8 31. Re3 Bf8 32. Qd5 Qg6 33. h4 Kg7 34. h5 Qg4 35. Ref3 1-0

[Event "RUS-ch Higher League (Women) 68th"]
[Site "Yaroslavl"]
[Date "2018.07.03"]
[Round "7"]
[White "Sukhareva, Evgenia"]
[Black "Ustich, Ekaterina"]
[Result "1-0"]
[WhiteElo "2234"]
[BlackElo "2028"]
[PlyCount "115"]
[EventDate "2018.06.26"]
[EventType "swiss"]
[EventRounds "9"]
[EventCountry "RUS"]
[SourceTitle "CBM 185 Extra"]
[Source "ChessBase"]
[SourceDate "2018.07.29"]
[SourceVersion "1"]
[SourceVersionDate "2018.07.29"]
[SourceQuality "1"]

1. d4 Nf6 2. c4 g6 3. Nc3 Bg7 4. e4 d6 5. f3 0-0 6. Bg5 h6 7. Be3 Nfd7 8. Qd2 e5 9. d5 a5 10. Bd3 Na6 11. Nge2 Ndc5 12. Bc2 Kh7 13. g4 Nb4 14. h4 Nxc2+ 15. Qxc2 Bd7 16. h5 g5 17. 0-0 Na6 18. a3 b6 19. Kg2 Qc8 20. Kg3 Qb7 21. Nb5 Rfb8 22. b3 Qc8 23. Qc3 Qe8 24. Qd3 Rb7 25. Nec3 Qc8 26. Rfb1 Rbb8 27. Qd2 Nc5 28. Qc2 Na6 29. Qe2 Nc5 30. Qd1 Nb7 31. b4 Bf8 32. Qd3 Be7 33. Ne2 axb4 34. axb4 Bxb5 35. cxb5 Rxa1 36. Rxa1 Nd8 37. Qc4 Rb7 38. Ra6 Qb8 39. Qa2 Qc8 40. Ra8 Rb8 41. Ra7 Bf8 42. Kh3 Kg8 43. Ng3 Kh8 44. Nf5 Kh7 45. Qa3 Kg8 46. Qc1 Rb7 47. Ra6 Qb8 48. Bxg5 hxg5 49. Qxg5+ Kh7 50. Qf6 Qc8 51. g5 c5 52. bxc6 Rc7 53. b5 Kg8 54. Kg3 Qb8 55. Ra2 Ra7 56. Rh2 Qc7 57. h6 Kh7 58. Qg7+ 1-0

[Event "Moscow op-B (Women) 14th"]
[Site "Moscow"]
[Date "2018.02.01"]
[Round "6"]
[White "Stepanyan, Eva"]
[Black "Ustich, Ekaterina"]
[Result "1-0"]
[WhiteElo "1906"]
[BlackElo "2022"]
[PlyCount "75"]
[EventDate "2018.01.27"]
[EventType "swiss"]
[EventRounds "9"]
[EventCountry "RUS"]
[SourceTitle "CBM 182 Extra"]
[Source "ChessBase"]
[SourceDate "2018.02.23"]
[SourceVersion "1"]
[SourceVersionDate "2018.02.23"]
[SourceQuality "1"]

1. e4 c6 2. d4 d5 3. Nc3 dxe4 4. Nxe4 Bf5 5. Ng3 Bg6 6. h4 h6 7. Nf3 e6 8. Ne5 Bh7 9. Bd3 Bxd3 10. Qxd3 Nf6 11. Bd2 Nbd7 12. Nc4 Be7 13. 0-0-0 a5 14. f4 Ng4 15. Qf3 Ndf6 16. Ne5 h5 17. Nxh5 Rxh5 18. Nxg4 Nxg4 19. Qxg4 g6 20. Be1 a4 21. Qf3 Bf6 22. g4 Rd5 23. c3 b5 24. h5 b4 25. hxg6 fxg6 26. Qe4 Kf7 27. Rh7+ Bg7 28. c4 Rd7 29. Bxb4 c5 30. Bxc5 Rc8 31. Re1 Qe8 32. Kb1 Kg8 33. Rh3 Rxc5 34. dxc5 Rd2 35. Re2 Qd8 36. Rxd2 Qxd2 37. Qxe6+ Kf8 38. Qd6+ 1-0

[Event "Moscow op-B (Women) 14th"]
[Site "Moscow"]
[Date "2018.01.31"]
[Round "5"]
[White "Ustich, Ekaterina"]
[Black "Borisova, Ekaterina"]
[Result "0-1"]
[WhiteElo "2022"]
[BlackElo "2177"]
[PlyCount "164"]
[EventDate "2018.01.27"]
[EventType "swiss"]
[EventRounds "9"]
[EventCountry "RUS"]
[SourceTitle "CBM 182 Extra"]
[Source "ChessBase"]
[SourceDate "2018.02.23"]
[SourceVersion "1"]
[SourceVersionDate "2018.02.23"]
[SourceQuality "1"]

1. e4 c5 2. Nf3 d6 3. d4 Nf6 4. Nc3 cxd4 5. Nxd4 g6 6. Be2 Bg7 7. Be3 Nc6 8. 0-0 0-0 9. Qd2 d5 10. exd5 Nxd5 11. Nxc6 bxc6 12. Nxd5 cxd5 13. Rfd1 Bf5 14. c3 Qb8 15. Rac1 e5 16. Bc5 Rd8 17. b4 Qc7 18. h3 h5 19. Qg5 f6 20. Qd2 Be6 21. a4 Kf7 22. Rb1 Rh8 23. Qa2 Rad8 24. a5 g5 25. a6 Kg6 26. Qa5 Qf7 27. b5 f5 28. b6 axb6 29. Bxb6 Ra8 30. a7 g4 31. h4 f4 32. g3 e4 33. c4 d4 34. Bxd4 Bxd4 35. Rxd4 Rhf8 36. Qg5+ Kh7 37. Qxf4 Qxf4 38. gxf4 Rxa7 39. Rb5 Bf5 40. Rdd5 Bg6 41. f5 Bf7 42. Re5 Re8 43. Rxe8 Bxe8 44. Rb6 Bd7 45. Rf6 Kg7 46. Rg6+ Kf7 47. Rh6 Ra1+ 48. Kg2 Ra2 49. Kf1 Ra1+ 50. Kg2 Re1 51. Bf1 Bxf5 52. Rxh5 Kf6 53. c5 Rc1 54. c6 Ke5 55. Rh6 Kf4 56. Rf6 Ke5 57. Rh6 Kf4 58. Rf6 Rc2 59. Kg1 Ke5 60. Rh6 Kf4 61. Rf6 Rc5 62. Be2 g3 63. fxg3+ Kxg3 64. c7 Rc1+ 65. Bf1 Bg4 66. Rf2 e3 67. Rg2+ Kxh4 68. Kh2 Rxc7 69. Be2 Bxe2 70. Rxe2 Re7 71. Kg2 Kg4 72. Re1 Kf4 73. Rf1+ Ke4 74. Ra1 Rg7+ 75. Kf1 Kf3 76. Ra3 Rb7 77. Kg1 Rb1+ 78. Kh2 Kf2 79. Ra8 e2 80. Rf8+ Ke3 81. Re8+ Kd3 82. Rd8+ Kc4 0-1

[Event "Moscow op-B (Women) 14th"]
[Site "Moscow"]
[Date "2018.01.30"]
[Round "4"]
[White "Charochkina, Daria"]
[Black "Ustich, Ekaterina"]
[Result "1-0"]
[WhiteElo "2326"]
[BlackElo "2022"]
[PlyCount "69"]
[EventDate "2018.01.27"]
[EventType "swiss"]
[EventRounds "9"]
[EventCountry "RUS"]
[SourceTitle "CBM 182 Extra"]
[Source "ChessBase"]
[SourceDate "2018.02.23"]
[SourceVersion "1"]
[SourceVersionDate "2018.02.23"]
[SourceQuality "1"]

1. d4 Nf6 2. Bf4 d5 3. e3 g6 4. Nc3 c6 5. h4 Bg7 6. Be2 h6 7. h5 g5 8. Bg3 Bf5 9. f3 Nbd7 10. Bd3 Bxd3 11. Qxd3 Qa5 12. Nge2 0-0 13. e4 dxe4 14. fxe4 e5 15. 0-0-0 exd4 16. Nxd4 Nc5 17. Qf3 Nfxe4 18. Nxe4 Nxe4 19. Qxe4 Qxa2 20. c3 Rfe8 21. Qb1 Qc4 22. Qd3 Qa2 23. Nf5 Rad8 24. Qb1 Qc4 25. Rxd8 Rxd8 26. Nxg7 Qe2 27. Qc2 Qe3+ 28. Kb1 Rd2 29. Nf5 Qe2 30. Nxh6+ Kf8 31. Qb3 Qe4+ 32. Ka2 Rd5 33. Qb4+ Qxb4 34. cxb4 f5 35. Rf1 1-0

[Event "Moscow op-B (Women) 14th"]
[Site "Moscow"]
[Date "2018.01.29"]
[Round "3"]
[White "Ustich, Ekaterina"]
[Black "Semenova, Elena"]
[Result "1-0"]
[WhiteElo "2022"]
[BlackElo "2238"]
[PlyCount "85"]
[EventDate "2018.01.27"]
[EventType "swiss"]
[EventRounds "9"]
[EventCountry "RUS"]
[SourceTitle "CBM 182 Extra"]
[Source "ChessBase"]
[SourceDate "2018.02.23"]
[SourceVersion "1"]
[SourceVersionDate "2018.02.23"]
[SourceQuality "1"]

1. e4 e5 2. Nf3 Nc6 3. Bb5 a6 4. Bxc6 dxc6 5. 0-0 Bg4 6. h3 h5 7. d3 Qf6 8. Nbd2 Ne7 9. Re1 Ng6 10. d4 Nf4 11. dxe5 Qe6 12. Ng5 Bxd1 13. Nxe6 Nxe6 14. Rxd1 Rd8 15. c3 Nf4 16. g3 Nxh3+ 17. Kg2 Ng5 18. Rh1 Be7 19. f4 Ne6 20. Nb3 Rd3 21. f5 Nf8 22. f6 gxf6 23. exf6 Bxf6 24. Nc5 Rd8 25. Nxb7 Rb8 26. Nc5 a5 27. Rf1 Be7 28. Nd3 Ne6 29. Ne5 Rb5 30. Nxc6 h4 31. Nxe7 Kxe7 32. Rf5 Rbb8 33. b3 Rbg8 34. Rf3 Rh7 35. Ba3+ Ke8 36. Rh1 h3+ 37. Kf2 Ng5 38. Rf4 Rg6 39. Bc1 Re6 40. Ke3 f5 41. Rxf5 Rxe4+ 42. Kf2 Ne6 43. Kf3 1-0

[Event "Moscow op-B (Women) 14th"]
[Site "Moscow"]
[Date "2018.01.27"]
[Round "1"]
[White "Ustich, Ekaterina"]
[Black "Cassi, Elisa"]
[Result "1-0"]
[WhiteElo "2022"]
[BlackElo "1615"]
[PlyCount "69"]
[EventDate "2018.01.27"]
[EventType "swiss"]
[EventRounds "9"]
[EventCountry "RUS"]
[SourceTitle "CBM 182 Extra"]
[Source "ChessBase"]
[SourceDate "2018.02.23"]
[SourceVersion "1"]
[SourceVersionDate "2018.02.23"]
[SourceQuality "1"]

1. e4 e5 2. Nf3 Nc6 3. Bb5 a6 4. Bxc6 dxc6 5. 0-0 Bg4 6. h3 h5 7. d3 Qf6 8. Nbd2 Ne7 9. Re1 Ng6 10. hxg4 hxg4 11. g3 Nf4 12. gxf4 Qh6 13. Kf1 Qh3+ 14. Ke2 Bc5 15. Rg1 exf4 16. d4 0-0-0 17. c3 gxf3+ 18. Nxf3 Rhe8 19. Qc2 Qf5 20. Ng5 f6 21. Kf1 Qd7 22. Nf3 Qh3+ 23. Ke2 Qf5 24. Nd2 f3+ 25. Kd1 Qh3 26. Qd3 Qh2 27. Rf1 Bb6 28. Qxf3 Qd6 29. Qg3 Qe7 30. f3 c5 31. d5 Rxd5 32. exd5 Qe2+ 33. Kc2 c4 34. Qg4+ Kb8 35. Qxc4 1-0

[Event "Moscow op-F 14th"]
[Site "Moscow"]
[Date "2018.01.27"]
[Round "2"]
[White "Vasilyev, Vasily"]
[Black "Ustich, Ekaterina"]
[Result "1/2-1/2"]
[WhiteElo "2299"]
[BlackElo "2022"]
[PlyCount "94"]
[EventDate "2018.01.26"]
[EventType "swiss"]
[EventRounds "9"]
[EventCountry "RUS"]
[SourceTitle "CBM 182 Extra"]
[Source "ChessBase"]
[SourceDate "2018.02.23"]
[SourceVersion "1"]
[SourceVersionDate "2018.02.23"]
[SourceQuality "1"]

1. d4 Nf6 2. Nf3 d5 3. g3 Bf5 4. Bg2 Nbd7 5. 0-0 h6 6. c4 dxc4 7. Qa4 c6 8. Qxc4 e6 9. Nc3 Be7 10. Re1 Ne4 11. Nd2 Nxd2 12. Bxd2 Nb6 13. Qb3 Qxd4 14. Be3 Qb4 15. Red1 0-0 16. Bxb6 axb6 17. Qxb4 Bxb4 18. Rd7 Rfd8 19. Rxb7 Bxc3 20. bxc3 Rxa2 21. Rf1 Rxe2 22. Rxb6 c5 23. Rc6 Re5 24. f4 Re2 25. Bf3 Re3 26. Rxc5 Rdd3 27. Bb7 Rxc3 28. Rxc3 Rxc3 29. Rf2 g5 30. Kg2 Kg7 31. Bf3 Rc2 32. g4 Rxf2+ 33. Kxf2 Bc2 34. Kg3 f6 35. Bc6 Kf7 36. h4 Ke7 37. hxg5 hxg5 38. fxg5 fxg5 39. Bf3 Kd6 40. Kf2 Kc5 41. Ke3 Kc4 42. Be2+ Kc3 43. Bf3 Bb3 44. Be2 Bd5 45. Bd1 Bc6 46. Be2 e5 47. Bd3 Bd5 1/2-1/2

[Event "RUS-ch Higher League (Women) 67th"]
[Site "Sochi"]
[Date "2017.07.02"]
[Round "1"]
[White "Travkina, Anastasia"]
[Black "Ustich, Ekaterina"]
[Result "1/2-1/2"]
[WhiteElo "2260"]
[BlackElo "2022"]
[PlyCount "128"]
[EventDate "2017.07.02"]
[EventType "swiss"]
[EventRounds "9"]
[EventCountry "RUS"]
[SourceTitle "CBM 179 Extra"]
[Source "ChessBase"]
[SourceDate "2017.08.23"]
[SourceVersion "1"]
[SourceVersionDate "2017.08.23"]
[SourceQuality "1"]

1. e4 c6 2. d4 d5 3. Nc3 dxe4 4. Nxe4 Bf5 5. Ng3 Bg6 6. Nh3 Nf6 7. Bc4 e5 8. dxe5 Qa5+ 9. c3 Qxe5+ 10. Be2 Nbd7 11. 0-0 0-0-0 12. Bf4 Qa5 13. b4 Qa3 14. Qb3 Qxb3 15. axb3 Nd5 16. Rxa7 Nxf4 17. Nxf4 Bc2 18. Bc4 Bd6 19. Nfe2 Ne5 20. Rc1 Bg6 21. Nf4 Nf3+ 22. gxf3 Bxf4 23. Re1 Kb8 24. Ra2 Bd2 25. Re7 Bxc3 26. b5 cxb5 27. Bxb5 h5 28. Re3 Bd4 29. Ree2 Rd5 30. Bc4 Rg5 31. Kf1 Rd8 32. h4 Re5 33. Rxe5 Bxe5 34. Ra5 Bc3 35. Rb5 Bf6 36. f4 Bxh4 37. f5 Bh7 38. Nxh5 g6 39. Nf4 Rd2 40. Ne2 gxf5 41. Bd5 f4 42. Bf3 Bc2 43. Rxb7+ Kc8 44. Rb4 Be7 45. Rc4+ Kb8 46. b4 Bd3 47. Rxf4 f5 48. b5 Bd6 49. Rh4 Bxb5 50. Rh7 Bxe2+ 51. Bxe2 Bc7 52. Rh8+ Rd8 53. Rh5 Rf8 54. Bd3 f4 55. Rb5+ Ka7 56. Be4 Bb6 57. Rb4 Bc5 58. Rb3 Re8 59. Bf3 Rb8 60. Rc3 Rb1+ 61. Kg2 Kb6 62. Rc2 Rb4 63. Kh3 Rb1 64. Kg2 Rb4 1/2-1/2

[Event "Moscow op-B (Women)"]
[Site "Moscow"]
[Date "2016.02.02"]
[Round "4"]
[White "Shkljar, Valeria"]
[Black "Ustich, Ekaterina"]
[Result "1/2-1/2"]
[WhiteElo "1753"]
[BlackElo "1977"]
[PlyCount "87"]
[EventDate "2016.01.30"]
[EventType "swiss"]
[EventRounds "9"]
[EventCountry "RUS"]
[SourceTitle "CBM 170 Extra"]
[Source "ChessBase"]
[SourceDate "2016.02.25"]
[SourceVersion "1"]
[SourceVersionDate "2016.02.25"]
[SourceQuality "1"]

1. e4 e5 2. Nf3 Nc6 3. Bb5 a6 4. Ba4 Nf6 5. d3 b5 6. Bb3 Be7 7. 0-0 d6 8. c3 0-0 9. Nbd2 a5 10. a4 b4 11. Re1 h6 12. Nf1 Re8 13. Ng3 Rb8 14. h3 Bf8 15. d4 bxc3 16. bxc3 exd4 17. cxd4 Nb4 18. d5 c5 19. dxc6 Nxc6 20. Bf4 Be6 21. Bxe6 Rxe6 22. Rc1 Qd7 23. Rb1 Rxb1 24. Qxb1 Qe8 25. Bd2 d5 26. exd5 Nxd5 27. Rxe6 Qxe6 28. Qb2 Ndb4 29. Nd4 Nxd4 30. Qxd4 Qe8 31. Bc3 Nc6 32. Qg4 Qe6 33. Qd1 Bb4 34. Ne2 Bc5 35. Qd2 Qb3 36. Bxa5 Nxa5 37. Qxa5 Qd1+ 38. Kh2 Bxf2 39. Qa8+ Kh7 40. Qe4+ Kg8 41. Qe8+ Kh7 42. Qe4+ Kg8 43. Qe8+ Kh7 44. Qe4+ 1/2-1/2

[Event "Chigorin Memorial 23rd"]
[Site "St Petersburg"]
[Date "2015.10.03"]
[Round "1"]
[White "Khanin, Semen"]
[Black "Ustich, Ekaterina"]
[Result "1-0"]
[WhiteElo "2359"]
[BlackElo "1996"]
[PlyCount "91"]
[EventDate "2015.10.03"]
[EventType "swiss"]
[EventRounds "9"]
[EventCountry "RUS"]
[SourceTitle "CBM 168 Extra"]
[Source "ChessBase"]
[SourceDate "2015.10.29"]
[SourceVersion "1"]
[SourceVersionDate "2015.10.29"]
[SourceQuality "1"]

1. e4 e5 2. Nf3 Nc6 3. Bb5 a6 4. Ba4 Nf6 5. 0-0 Be7 6. Re1 b5 7. Bb3 d6 8. c3 0-0 9. d4 Bg4 10. Be3 Na5 11. Bc2 Nc4 12. Bc1 Re8 13. b3 Nb6 14. h3 Bxf3 15. Qxf3 c5 16. dxe5 dxe5 17. Nd2 Bf8 18. Nf1 Nbd7 19. Bg5 Qb6 20. Ne3 g6 21. Red1 Re6 22. Rd2 Rd6 23. Rxd6 Qxd6 24. Rd1 Qc6 25. Rd2 Re8 26. Qd1 Re6 27. Nd5 Re8 28. Ne3 Re6 29. Nd5 Re8 30. Nxf6+ Nxf6 31. Qe2 Nd7 32. h4 Re6 33. a4 c4 34. axb5 axb5 35. bxc4 bxc4 36. Rd1 Rd6 37. Rb1 Qc7 38. Be3 Qa5 39. Qxc4 Qa8 40. Bb3 Qe8 41. Ba4 Qd8 42. Rb7 h6 43. g3 Kg7 44. Kg2 Kg8 45. Qb5 Nf6 46. Rb8 1-0

[Event "RUS-ch Higher League (Women) 65th"]
[Site "Kaliningrad"]
[Date "2015.06.24"]
[Round "3"]
[White "Ustich, Ekaterina"]
[Black "Diakonova, Ekaterina"]
[Result "1/2-1/2"]
[WhiteElo "2009"]
[BlackElo "2214"]
[PlyCount "140"]
[EventDate "2015.06.22"]
[EventType "swiss"]
[EventRounds "9"]
[EventCountry "RUS"]
[SourceTitle "EXT 2017"]
[Source "ChessBase"]
[SourceDate "2016.10.25"]
[SourceVersion "1"]
[SourceVersionDate "2016.10.25"]
[SourceQuality "1"]

1. e4 e5 2. Nf3 Nc6 3. Bb5 a6 4. Bxc6 dxc6 5. 0-0 f6 6. d4 Bg4 7. dxe5 Qxd1 8. Rxd1 fxe5 9. Nbd2 0-0-0 10. Re1 Bd6 11. h3 Bh5 12. Nh4 Bf7 13. Ndf3 Nf6 14. Ng5 Rhf8 15. Nf5 g6 16. Nh6 Bg8 17. Be3 Rd7 18. a3 a5 19. Rad1 a4 20. Nxg8 Rxg8 21. Bc1 h6 22. Nf3 g5 23. Nh2 h5 24. Nf1 h4 25. f3 Nh5 26. Be3 Nf4 27. Nh2 Rgd8 28. Ng4 Bc5 29. Rxd7 Bxe3+ 30. Nxe3 Rxd7 31. Rd1 b5 32. Rxd7 Kxd7 33. Kf2 Nh5 34. Nf5 c5 35. Nh6 Ke6 36. Ng4 c4 37. Ne3 Kd6 38. Nd5 c6 39. Ne3 Kc5 40. Ke2 b4 41. Kd2 Nf4 42. c3 b3 43. Kc1 Nd3+ 44. Kb1 Ne1 45. Kc1 Kb5 46. Kb1 Nd3 47. Ng4 Ka6 48. Ne3 Ne1 49. Kc1 Kb5 50. Kb1 Nd3 51. Ng4 Kc5 52. Ne3 Nf4 53. Kc1 Ne2+ 54. Kb1 Nf4 55. Kc1 Kb5 56. Kb1 Ka6 57. Kc1 Kb7 58. Kd2 Kc7 59. Kc1 Kd8 60. Kd2 Ke7 61. Kd1 Kf6 62. Kd2 Ke6 63. Kd1 Kf6 64. Kd2 Ke6 65. Kd1 Kf6 66. Kd2 Ke6 67. Kc1 Nd3+ 68. Kb1 Nf4 69. Kc1 Nd3+ 70. Kb1 Nf4 1/2-1/2

[Event "RUS-chT U20"]
[Site "Kaliningrad"]
[Date "2013.08.09"]
[Round "8"]
[White "Pavlova, Nataliy"]
[Black "Ustich, Ekaterina"]
[Result "1/2-1/2"]
[WhiteElo "1950"]
[BlackElo "1858"]
[PlyCount "107"]
[EventDate "2013.08.02"]
[EventType "team-swiss"]
[EventRounds "9"]
[EventCountry "RUS"]
[SourceTitle "EXT 2018"]
[Source "ChessBase"]
[SourceDate "2017.10.13"]
[SourceVersion "1"]
[SourceVersionDate "2017.10.13"]
[SourceQuality "1"]

1. e4 e5 2. Nf3 Nc6 3. d4 exd4 4. Bc4 Nf6 5. e5 Ng4 6. 0-0 Be7 7. Bf4 g5 8. Bg3 h5 9. h3 h4 10. Bh2 Nxh2 11. Nxh2 d6 12. f4 dxe5 13. fxg5 Be6 14. Bxe6 fxe6 15. g6 Kd7 16. Ng4 Rg8 17. Qd3 Qe8 18. Rf7 Kc8 19. Nd2 Rf8 20. Raf1 Nd8 21. Rxf8 Bxf8 22. Nxe5 Bg7 23. Nf7 Nc6 24. Qe4 Qe7 25. Nf3 Bf6 26. Qg4 Kd7 27. N3g5 Rg8 28. Ne4 Bg7 29. Qh5 Kc8 30. Qh7 Qe8 31. Nc5 d3 32. c3 e5 33. Ne6 Bf8 34. Nxf8 Qxf8 35. Nxe5 Qe8 36. g7 d2 37. Nxc6 bxc6 38. Qf5+ Kb7 39. Qg5 Qe2 40. Qg4 Qxg4 41. hxg4 Rxg7 42. Rd1 Rxg4 43. Rxd2 h3 44. Kh2 hxg2 45. Rxg2 Rxg2+ 46. Kxg2 c5 47. Kf3 Kc6 48. c4 Kd6 49. Kf4 Ke6 50. Ke4 c6 51. b3 a6 52. a3 a5 53. a4 Kf6 54. Kf4 1/2-1/2

[Event "RUS-chT U20"]
[Site "Kaliningrad"]
[Date "2013.08.06"]
[Round "5"]
[White "Ustich, Ekaterina"]
[Black "Belkina, Yuliya"]
[Result "1-0"]
[WhiteElo "1858"]
[BlackElo "1841"]
[PlyCount "137"]
[EventDate "2013.08.02"]
[EventType "team-swiss"]
[EventRounds "9"]
[EventCountry "RUS"]
[SourceTitle "EXT 2018"]
[Source "ChessBase"]
[SourceDate "2017.10.13"]
[SourceVersion "1"]
[SourceVersionDate "2017.10.13"]
[SourceQuality "1"]

1. e4 c5 2. Nf3 Nc6 3. d4 cxd4 4. Nxd4 Nf6 5. Nc3 e5 6. Ndb5 d6 7. Bg5 a6 8. Na3 b5 9. Nd5 Be7 10. Bxf6 Bxf6 11. c3 Bg5 12. Nc2 0-0 13. Be2 Ne7 14. Ncb4 Be6 15. Qd3 f5 16. Bf3 Nxd5 17. Nxd5 Ra7 18. 0-0 Raf7 19. a4 bxa4 20. Rxa4 a5 21. c4 Bh4 22. g3 Bg5 23. exf5 Bxf5 24. Be4 Bh3 25. Bg2 Bxg2 26. Kxg2 Qe8 27. Nc3 Bd8 28. b3 Bb6 29. Ne4 Qc6 30. f3 Bc7 31. Raa1 h6 32. Rad1 Rb8 33. Qc2 a4 34. Rd3 axb3 35. Rxb3 d5 36. Rxb8+ Bxb8 37. Nd2 e4 38. fxe4 Rxf1 39. Kxf1 Ba7 40. Kg2 Qc5 41. Nf3 dxc4 42. e5 c3 43. e6 Qf2+ 44. Qxf2 Bxf2 45. Kxf2 c2 46. e7 c1Q 47. e8Q+ Kh7 48. Qe4+ Kg8 49. Ne5 Qd2+ 50. Qe2 Qd4+ 51. Kg2 Qd5+ 52. Nf3 Qd6 53. Qe5 Qc6 54. g4 Qb7 55. Kg3 Qb3 56. h4 g6 57. Qe8+ Kg7 58. h5 gxh5 59. Qxh5 Qd3 60. Qe5+ Kg6 61. Qe6+ Kg7 62. Kf4 Qd8 63. Qe5+ Kg6 64. Nd4 Qf6+ 65. Qxf6+ Kxf6 66. Nf3 Kg6 67. Kg3 Kf6 68. Kh4 Kg6 69. Nd4 1-0

[Event "RUS-chT U20"]
[Site "Kaliningrad"]
[Date "2013.08.03"]
[Round "2"]
[White "Tishova, Svetlana"]
[Black "Ustich, Ekaterina"]
[Result "0-1"]
[WhiteElo "1717"]
[BlackElo "1858"]
[PlyCount "64"]
[EventDate "2013.08.02"]
[EventType "team-swiss"]
[EventRounds "9"]
[EventCountry "RUS"]
[SourceTitle "EXT 2018"]
[Source "ChessBase"]
[SourceDate "2017.10.13"]
[SourceVersion "1"]
[SourceVersionDate "2017.10.13"]
[SourceQuality "1"]

1. e4 e5 2. Nf3 Nc6 3. Bb5 a6 4. Ba4 Nf6 5. 0-0 Be7 6. Bxc6 bxc6 7. Nxe5 Nxe4 8. d4 Nf6 9. Nc3 Bb7 10. Re1 0-0 11. Bg5 h6 12. Bh4 Nd5 13. Bxe7 Nxe7 14. Qg4 d6 15. Nd3 Ng6 16. Re3 Rb8 17. Rae1 Bc8 18. Qf3 Nh4 19. Qe4 Nf5 20. Rf3 Qg5 21. d5 c5 22. Ne2 Bd7 23. Qf4 Nh4 24. Rg3 Qxf4 25. Nexf4 Nf5 26. Rf3 Nd4 27. Rg3 c4 28. Nh5 cxd3 29. Nf6+ Kh8 30. Nxd7 Rfe8 31. Rxe8+ Rxe8 32. Kf1 d2 0-1

[Event "Chigorin Memorial 20th"]
[Site "St Petersburg"]
[Date "2012.11.03"]
[Round "8"]
[White "Ustich, Ekaterina"]
[Black "Popelyshev, Igor Viktorovich"]
[Result "1-0"]
[WhiteElo "1857"]
[BlackElo "2071"]
[PlyCount "122"]
[EventDate "2012.10.27"]
[EventType "swiss"]
[EventRounds "9"]
[EventCountry "RUS"]
[SourceTitle "EXT 2013"]
[Source "ChessBase"]
[SourceDate "2012.11.22"]
[SourceVersion "1"]
[SourceVersionDate "2012.11.22"]
[SourceQuality "1"]

1. e4 c5 2. Nf3 d6 3. d4 cxd4 4. Nxd4 Nf6 5. f3 e5 6. Bb5+ Nbd7 7. Nf5 d5 8. exd5 a6 9. Ba4 b5 10. Bb3 Nb6 11. Ne3 Bc5 12. Nc3 Bb7 13. Qd3 0-0 14. Ne4 Bxe3 15. Nxf6+ Qxf6 16. Bxe3 Nxd5 17. Bxd5 Rad8 18. Bxb7 Rxd3 19. cxd3 Qe7 20. Bd5 Qb4+ 21. Bd2 Qxb2 22. Ke2 Qd4 23. Bb3 Rd8 24. Bc2 b4 25. Rab1 a5 26. Rb3 f5 27. Be3 Qd6 28. a3 f4 29. Bd2 Rc8 30. Rc1 bxa3 31. Bxa5 Ra8 32. Rc3 Qd4 33. Bb3+ Kf8 34. Rc8+ Rxc8 35. Rxc8+ Ke7 36. Rc7+ Kd6 37. Rc3 a2 38. Bxa2 Qg1 39. Bb4+ Kd7 40. Bc4 Qxg2+ 41. Ke1 Qg1+ 42. Kd2 Qxh2+ 43. Kc1 Qh1+ 44. Kb2 Qxf3 45. Bb5+ Ke6 46. Rc7 Qe2+ 47. Ka3 Kf6 48. Be7+ Kf5 49. Bd7+ Kg6 50. Be8+ Kh6 51. Bf8 Qxd3+ 52. Kb4 Qd4+ 53. Kb5 Qd8 54. Re7 f3 55. Re6+ Kg5 56. Be7+ Kf5 57. Bxd8 f2 58. Rf6+ gxf6 59. Bd7+ Kf4 60. Bh3 Kg3 61. Bf1 Kh2 1-0

[Event "Chigorin Memorial 20th"]
[Site "St Petersburg"]
[Date "2012.10.31"]
[Round "5"]
[White "Potyavin, Igor"]
[Black "Ustich, Ekaterina"]
[Result "1/2-1/2"]
[WhiteElo "2049"]
[BlackElo "1857"]
[PlyCount "105"]
[EventDate "2012.10.27"]
[EventType "swiss"]
[EventRounds "9"]
[EventCountry "RUS"]
[SourceTitle "EXT 2013"]
[Source "ChessBase"]
[SourceDate "2012.11.22"]
[SourceVersion "1"]
[SourceVersionDate "2012.11.22"]
[SourceQuality "1"]

1. d4 Nf6 2. c4 e6 3. Nc3 Bb4 4. f3 d5 5. e3 0-0 6. a3 Bxc3+ 7. bxc3 b6 8. Bd3 Ba6 9. cxd5 Bxd3 10. Qxd3 exd5 11. Ne2 Re8 12. 0-0 Nc6 13. Ng3 Na5 14. e4 Nb3 15. Rb1 Nxc1 16. Rbxc1 Qe7 17. e5 Nd7 18. a4 Nf8 19. f4 Rac8 20. Qf3 Qd7 21. Nh5 Qf5 22. g4 Qd7 23. f5 Red8 24. Qf4 Qc6 25. e6 fxe6 26. Qg5 g6 27. fxg6 Nxg6 28. Nf6+ Kh8 29. Qh6 Rd7 30. Nxd7 Qxd7 31. Rf6 Qg7 32. Qxg7+ Kxg7 33. Rxe6 c5 34. dxc5 Rxc5 35. Rd6 Nf4 36. Re1 Rc7 37. Re3 Rf7 38. h4 h6 39. h5 Kh7 40. Kh2 Rg7 41. Re8 Rxg4 42. Rdd8 Nxh5 43. Rh8+ Kg6 44. Rhg8+ Ng7 45. Rxd5 Kh7 46. Ra8 Rxa4 47. Rd7 Rg4 48. Raxa7 h5 49. Rdb7 Rg6 50. Ra6 Rc6 51. Raa7 Rg6 52. Ra6 Rc6 53. Raa7 1/2-1/2